000
00282nam a22001217a 4500
008
180924b xxu||||| |||| 00| 0 eng d
041
_a
eng
080
_a
616.02
100
_a
7
101
_a
KAR
245
_a
Workshop In Electrocardiologygraphy
_c
Marriott.H.J.L
942
_2
udc
_c
BK
999
_c
48321
_d
48321